000 00362nam a2200133Ia 4500
008 240624s9999 xx 000 0 und d
041 _aeng
082 _a344.01 PUR
100 _aPURI S D
245 _aPRIVATE SECURITY AGENCIES REGULATION ACT
260 _c2008
_aMumbai
_bSnow White Publication Pvt. Ltd
300 _ax, : 49 : p. : cm. ; 24
365 _cRS
_b15
999 _c10537
_d10537